Statistics for 「日本で最も美しい村」連合加盟地域

Click here to take the quiz!

General Stats

  • This quiz has been taken 26 times
  • The average score is 16 of 60

Answer Stats

PrefectureAnswer% Correct
岐阜県東白川村
48%
宮崎県椎葉村
48%
京都府伊根町
43%
北海道赤井川村
43%
福岡県東峰村
43%
静岡県川根本町
43%
奈良県吉野町
43%
北海道美瑛町
38%
長野県大鹿村
38%
秋田県東成瀬村
38%
高知県馬路村
38%
青森県西目屋村
38%
福島県北塩原村
38%
山梨県早川町
38%
岡山県新庄村
33%
長野県小川村
33%
群馬県昭和村
33%
山形県大蔵村
33%
北海道鶴居村
33%
青森県佐井村
33%
福島県昭和村
33%
静岡県松崎町
29%
秋田県小坂町
29%
山口県阿武町
29%
鳥取県智頭町
29%
長野県原村
29%
京都府和束町
29%
島根県海士町
29%
長崎県小値賀町
29%
北海道江差町
24%
北海道清里町
24%
鹿児島県喜界町
24%
福島県飯舘村
24%
栃木県那珂川町
24%
北海道中札内村
24%
長野県南木曽町
24%
愛媛県上島町
24%
徳島県上勝町
19%
熊本県南小国町
19%
奈良県曽爾村
19%
沖縄県多良間村
19%
福島県三島町
19%
北海道標津町
19%
長野県高山村
19%
北海道京極町
19%
長野県木曽町
19%
山形県飯豊町
19%
香川県まんのう町
19%
熊本県高森町
14%
北海道黒松内町
14%
大分県由布市
14%
青森県田子町
14%
兵庫県香美町
14%
福島県大玉村
14%
長野県中川村
14%
群馬県中之条町
14%
福岡県八女市
10%
高知県本山町
10%
岐阜県下呂市
10%
長野県伊那市
5%

Score Distribution

Percentile by Number Answered

Percent of People with Each Score

Your Score History

You have not taken this quiz